| 000 | 00407pab a2200169 454500 | ||
|---|---|---|---|
| 008 | 180718b2014 xxu||||| |||| 00| 0 eng d | ||
| 100 | _aRanjan, Rakesh | ||
| 245 | _aInclusive growth through efficient urban planning | ||
| 260 | _c2014 | ||
| 300 | _ap.40-42,44-45. | ||
| 362 | _aSep | ||
| 650 | _aUrban development | ||
| 650 | _aUrban planning | ||
| 773 | _aYojana | ||
| 908 | _aN | ||
| 909 | _a105270 | ||
| 999 |
_c105265 _d105265 |
||